[Event "Madrid-ch Seniors 50"]
[Site "Madrid"]
[Date "2020.01.23"]
[Round "9"]
[White "Lopez Guitian, Juan J"]
[Black "Navarro Corredor, Angel"]
[Result "1-0"]
[WhiteElo "1509"]
[BlackElo "1346"]
[PlyCount "37"]
[EventDate "2020.01.13"]
[EventType "swiss"]
[EventRounds "9"]
[EventCountry "ESP"]
[SourceTitle "CBM 194 Extra"]
[Source "ChessBase"]
[SourceDate "2020.03.31"]
[SourceVersion "1"]
[SourceVersionDate "2020.03.31"]
[SourceQuality "1"]

1. d4 Nf6 2. c4 e6 3. Nc3 Be7 4. e4 0-0 5. e5 Ne8 6. Bd3 g6 7. Nf3 d6 8. Bf4 Nc6 9. Qd2 dxe5 10. dxe5 Ng7 11. a3 Nf5 12. b4 Ncd4 13. Nxd4 Nxd4 14. Rb1 b6 15. 0-0 Bb7 16. Be4 Bxe4 17. Nxe4 Nf5 18. Qe2 Bg5 19. Bxg5 1-0

[Event "Madrid-ch Seniors 50"]
[Site "Madrid"]
[Date "2020.01.20"]
[Round "6"]
[White "Navarro Corredor, Angel"]
[Black "Beekhof Harmsen, Willen"]
[Result "1-0"]
[WhiteElo "1346"]
[BlackElo "1470"]
[PlyCount "61"]
[EventDate "2020.01.13"]
[EventType "swiss"]
[EventRounds "9"]
[EventCountry "ESP"]
[SourceTitle "CBM 194 Extra"]
[Source "ChessBase"]
[SourceDate "2020.03.31"]
[SourceVersion "1"]
[SourceVersionDate "2020.03.31"]
[SourceQuality "1"]

1. Nf3 d5 2. b3 Nf6 3. Bb2 e6 4. e3 Be7 5. Be2 0-0 6. 0-0 c5 7. c4 a6 8. d4 b6 9. dxc5 bxc5 10. cxd5 exd5 11. Ne5 Bb7 12. Bf3 Re8 13. Nd2 Bd6 14. Ng4 Nxg4 15. Bxg4 Nd7 16. Bf3 Ne5 17. Be2 Qh4 18. g3 Qh3 19. f4 d4 20. e4 d3 21. fxe5 dxe2 22. Qxe2 Bxe5 23. Bxe5 Rxe5 24. Rf4 f5 25. Nc4 Rxe4 26. Rxe4 Bxe4 27. Nd6 Bd5 28. Rd1 Bc6 29. Qc4+ Kh8 30. Nf7+ Kg8 31. Ng5+ 1-0

[Event "Madrid-ch Seniors 50"]
[Site "Madrid"]
[Date "2020.01.15"]
[Round "3"]
[White "Tereso Martin, Antonio Luis"]
[Black "Navarro Corredor, Angel"]
[Result "1-0"]
[WhiteElo "1954"]
[BlackElo "1346"]
[PlyCount "81"]
[EventDate "2020.01.13"]
[EventType "swiss"]
[EventRounds "9"]
[EventCountry "ESP"]
[SourceTitle "CBM 194 Extra"]
[Source "ChessBase"]
[SourceDate "2020.03.31"]
[SourceVersion "1"]
[SourceVersionDate "2020.03.31"]
[SourceQuality "1"]

1. b3 Nf6 2. Bb2 d6 3. g3 e5 4. Bg2 Be7 5. c4 Nc6 6. Nc3 0-0 7. Nf3 Bd7 8. d4 exd4 9. Nxd4 Qe8 10. 0-0 Rb8 11. Rc1 Nxd4 12. Qxd4 a6 13. e4 Bc6 14. Rfe1 Qd7 15. h3 Ne8 16. f4 f6 17. Kh2 b6 18. h4 Qd8 19. Bh3 Bd7 20. Qd5+ Kh8 21. Bxd7 Qxd7 22. f5 Bd8 23. Ne2 Qf7 24. Nf4 Qd7 25. Ne6 Rf7 26. g4 Be7 27. Nxc7 Bd8 28. Nxa6 Rb7 29. a4 Nc7 30. Nxc7 Rxc7 31. Ba3 Rc6 32. Rcd1 Bc7 33. Kh3 Re7 34. Bb2 Qe8 35. Qd3 Kg8 36. Qf3 Rc5 37. Bd4 Ra5 38. Bc3 Rc5 39. Rd3 d5 40. cxd5 Be5 41. Bb4 1-0

[Event "Madrid-ch Seniors 50"]
[Site "Madrid"]
[Date "2019.01.08"]
[Round "2"]
[White "Martinez Martinez, Javier II"]
[Black "Navarro Corredor, Angel"]
[Result "1-0"]
[WhiteElo "1604"]
[BlackElo "1343"]
[PlyCount "43"]
[EventDate "2019.01.07"]
[EventType "swiss"]
[EventRounds "9"]
[EventCountry "ESP"]
[SourceTitle "CBM 188 Extra"]
[Source "ChessBase"]
[SourceDate "2019.02.26"]
[SourceVersion "1"]
[SourceVersionDate "2019.02.26"]
[SourceQuality "1"]

1. d4 d5 2. Nf3 Nf6 3. e3 e6 4. Bd3 Be7 5. 0-0 Bd7 6. Nbd2 0-0 7. Ne5 Be8 8. f4 Nbd7 9. Rf3 c5 10. b3 cxd4 11. exd4 Bb4 12. Bb2 Qa5 13. c3 Be7 14. Qe2 Rc8 15. Rh3 g6 16. g4 Qc7 17. Rf1 Nxe5 18. fxe5 Nd7 19. Qe3 f6 20. Qh6 Rf7 21. Bxg6 Bf8 22. Bxf7+ 1-0

[Event "Madrid-ch sf"]
[Site "Madrid"]
[Date "2016.02.16"]
[Round "5"]
[White "Beekhof Harmsen, Willen"]
[Black "Navarro Corredor, Angel"]
[Result "1-0"]
[WhiteElo "1626"]
[BlackElo "1456"]
[PlyCount "73"]
[EventDate "2016.02.08"]
[EventType "swiss"]
[EventRounds "9"]
[EventCountry "ESP"]
[SourceTitle "CBM 171 Extra"]
[Source "ChessBase"]
[SourceDate "2016.04.26"]
[SourceVersion "1"]
[SourceVersionDate "2016.04.26"]
[SourceQuality "1"]

1. Nf3 Nf6 2. g3 d5 3. c4 c6 4. b3 Bf5 5. Bg2 e6 6. Bb2 Be7 7. 0-0 0-0 8. Ne5 Nbd7 9. d4 Nxe5 10. dxe5 Nd7 11. Nd2 Qc7 12. f4 Nb6 13. Rc1 Bc5+ 14. Kh1 dxc4 15. Nxc4 Nxc4 16. Rxc4 Bb6 17. e4 Rad8 18. Qe2 Bg6 19. f5 exf5 20. exf5 Bxf5 21. Rxf5 Qd7 22. Rf1 Qd2 23. Rc2 Qxe2 24. Rxe2 Bc5 25. h4 Rd3 26. Kh2 Rfd8 27. Rc2 Bb4 28. Bc1 Be7 29. Be4 Rd1 30. Rxd1 Rxd1 31. Bf4 Rd4 32. Bf5 c5 33. Kh3 Rd1 34. Bc8 b6 35. e6 Bd6 36. Bxd6 Rxd6 37. e7 1-0

[Event "Madrid-ch Seniors"]
[Site "Madrid"]
[Date "2016.01.19"]
[Round "7"]
[White "Ramos Antona, Enrique"]
[Black "Navarro Corredor, Angel"]
[Result "1-0"]
[WhiteElo "1585"]
[BlackElo "1395"]
[PlyCount "137"]
[EventDate "2016.01.11"]
[EventType "swiss"]
[EventRounds "9"]
[EventCountry "ESP"]
[SourceTitle "EXT 2017"]
[Source "ChessBase"]
[SourceDate "2016.10.25"]
[SourceVersion "1"]
[SourceVersionDate "2016.10.25"]
[SourceQuality "1"]

1. d4 d5 2. c4 dxc4 3. Nf3 Nf6 4. Nc3 e6 5. Qa4+ Qd7 6. Qxc4 Be7 7. Ne5 Qd8 8. Bg5 c6 9. e3 0-0 10. Qb3 Nbd7 11. Rd1 Nb6 12. Bd3 Nfd5 13. Bxe7 Qxe7 14. a3 Nxc3 15. bxc3 Nd5 16. 0-0 Nf6 17. Rb1 c5 18. Rfc1 b6 19. Qb5 cxd4 20. cxd4 Qxa3 21. Qc6 Rb8 22. Ra1 Qe7 23. Qa4 Ra8 24. Nc6 Qd7 25. Bb5 a6 26. Ne5 Qd6 27. Rc6 Qb8 28. Rc3 Bb7 29. Bc6 b5 30. Qa5 Bxc6 31. Rxc6 b4 32. Rb6 Qc7 33. Qxb4 Nd5 34. Rb7 Qc3 35. Qxc3 Nxc3 36. Nc6 Nb5 37. Rb6 Nc7 38. Kf1 Nd5 39. Rbxa6 Rxa6 40. Rxa6 Rc8 41. Ke2 Kf8 42. Ne5 Ne7 43. Kd3 Nd5 44. Ra7 Rc7 45. Rxc7 Nxc7 46. e4 Ke7 47. Kc4 f6 48. Nd3 Kd6 49. f4 f5 50. exf5 exf5 51. Ne5 Nd5 52. g3 Ne3+ 53. Kd3 Nf1 54. Nf3 h6 55. Ke2 Nxh2 56. Nxh2 g5 57. fxg5 hxg5 58. Nf3 Kd5 59. Kd3 g4 60. Nh4 Ke6 61. Ke3 Kf6 62. Kf4 Ke6 63. Nxf5 Kf7 64. Kxg4 Kg6 65. Kf4 Kf6 66. d5 Kf7 67. d6 Kg6 68. d7 Kf7 69. d8Q 1-0

[Event "Madrid-ch Seniors"]
[Site "Madrid"]
[Date "2016.01.12"]
[Round "2"]
[White "Navarro Corredor, Angel"]
[Black "Beekhof Harmsen, Willen"]
[Result "0-1"]
[WhiteElo "1395"]
[BlackElo "1644"]
[PlyCount "96"]
[EventDate "2016.01.11"]
[EventType "swiss"]
[EventRounds "9"]
[EventCountry "ESP"]
[SourceTitle "EXT 2017"]
[Source "ChessBase"]
[SourceDate "2016.10.25"]
[SourceVersion "1"]
[SourceVersionDate "2016.10.25"]
[SourceQuality "1"]

1. e4 g6 2. Nf3 d6 3. Bc4 Bg7 4. 0-0 Nd7 5. d4 c5 6. c3 a6 7. Be3 b5 8. Be2 Bb7 9. dxc5 Nxc5 10. Bxc5 dxc5 11. Qc2 Qc7 12. Nbd2 Nf6 13. e5 Ng4 14. e6 f5 15. h3 Nf6 16. Rad1 0-0 17. Nh2 Bd5 18. Bf3 Rad8 19. Bxd5 Nxd5 20. Ndf3 Nf4 21. Rxd8 Rxd8 22. Rd1 Nxe6 23. Rxd8+ Nxd8 24. Qe2 e5 25. Ne1 e4 26. Nf1 c4 27. Qd2 Nf7 28. Qd5 Qd8 29. Ne3 Qxd5 30. Nxd5 Nd6 31. Nc7 a5 32. Nc2 Kf7 33. Nd5 Ke6 34. Nde3 f4 35. Nd1 Kd5 36. Kf1 Nf7 37. Ke2 Ne5 38. Nd4 b4 39. Nb5 f3+ 40. gxf3 exf3+ 41. Ke1 Nd3+ 42. Kf1 Kc6 43. Na7+ Kc5 44. Nc8 Nc1 45. cxb4+ axb4 46. a4 c3 47. a5 c2 48. Ke1 Nd3+ 0-1